| 000 | 00936nam a2200265 4500 | ||
|---|---|---|---|
| 001 | 98168 | ||
| 003 | ES-MaACL | ||
| 005 | 20250815004923.0 | ||
| 007 | t| | ||
| 008 | 050726s1971 sp ao |||| | spa d | ||
| 080 | _a930.9"19" | ||
| 100 | 1 |
_aMarsé, Juan, _d1933-2020 _977117 |
|
| 245 | 1 | 0 |
_a1929-1940 _b: La gran desilusión / _ctextos, selección de citas y documentación gráfica, Juan Marsé ; prólogo, J. Mª Carandell. |
| 246 | 3 |
_aLa gran desilusión _b: 1929-1940 |
|
| 260 |
_aBarcelona : _bDifusora Internacional, _c1971. |
||
| 300 |
_a396 p. : _bil., fot. ; _c30 cm. |
||
| 490 | 1 | _aImágenes y recuerdos | |
| 500 | _aÍndice. | ||
| 650 | 0 | 4 |
_aHistoria contemporánea- _yS.XX _913396 |
| 650 | 0 | 4 |
_aHistoria contemporánea- _yS.XX- _vObras ilustradas. _913399 |
| 700 | 1 |
_aCarandell, José María. _934957 |
|
| 830 | 0 |
_aImágenes y recuerdos _9184461 |
|
| 852 |
_aES-MaACL _jC-47210 |
||
| 999 |
_c98168 _d98168 |
||